000
00303nam a22001337a 4500
008
181226b xxu||||| |||| 00| 0 eng d
020
_a
9780470289341
041
_a
eng
080
_a
070
100
_a
40
101
_a
med
245
_a
Social Media Marketing For Dummies
_c
Shiv.S
942
_2
udc
_c
BK
999
_c
53762
_d
53762